000 00286nam a2200121Ia 4500
008 231129s9999||||xx |||||||||||||| ||spa||
040 _bspa
082 _a808.83872 K69c
100 _aKnight C.
245 0 _aEl caso del hombre desfalleciente
264 _aAlbatros
942 _2ddc
_cBKS
999 _c10521
_d10521